Comedia de Preteo y Tibaldo por Perálvarez de Ayllón y Luis Hurtado de Toledo / (Record no. 143619)

MARC details
000 -LEADER
campo de control de longitud fija 00708nam a2200193 i 4500
001 - NÚMERO DE CONTROL
campo de control 143619
003 - IDENTIFICADOR DE NÚMERO DE CONTROL
campo de control ES-MaACL
005 - FECHA Y HORA DE LA ÚLTIMA TRANSACCIÓN
campo de control 20230906200845.0
007 - CAMPO FIJO DE DESCRIPCIÓN FÍSICA--INFORMACIÓN GENERAL
campo de control de longitud fija t|
008 - DATOS DE LONGITUD FIJA--INFORMACIÓN GENERAL
campo de control de longitud fija 070214s1930 sp r ||||1| spa d
100 1# - ENTRADA PRINCIPAL--NOMBRE DE PERSONA
Nombre de persona Serís, Homero,
Fechas asociadas al nombre 1879-1969
9 (RLIN) 105555
245 10 - MENCIÓN DEL TÍTULO
Título Comedia de Preteo y Tibaldo por Perálvarez de Ayllón y Luis Hurtado de Toledo /
Mención de responsabilidad, etc. estudio comparativo de la edición príncipe por Homero Serís.
260 ## - PUBLICACIÓN, DISTRIBUCIÓN, ETC.
Lugar de publicación, distribución, etc. Madrid :
Nombre del editor, distribuidor, etc. [s.n.],
Fecha de publicación, distribución, etc. 1930 (
Fabricante Imp. de la Viuda e Hijos de Jaime Ratés)
300 ## - DESCRIPCIÓN FÍSICA
Extensión 28 p. ;
Dimensiones 26 cm.
500 ## - NOTA GENERAL
Nota general Extracto del `homenaje a Bonilla y San Martín`.
600 04 - PUNTO DE ACCESO ADICIONAL DE MATERIA--NOMBRE DE PERSONA
Nombre de persona Alvarez de Ayllón, Pedro.
9 (RLIN) 20750
852 ## - LOCALIZACIÓN
Ubicación ES-MaACL
Número de control de estantería 1754-F-6
Holdings
Estatus retirado Estado de pérdida Estado de daño No para préstamo Colección Biblioteca de origen Biblioteca actual Ubicación en estantería Fecha de adquisición Fuente de adquisición Total de préstamos Signatura topográfica completa Código de barras Visto por última vez Precio de reemplazo Tipo de ítem Koha
        Colección de folletos Biblioteca del Ateneo de Madrid Biblioteca del Ateneo de Madrid Depósito folletos 17/01/2008     1754-F-6 1149424 23/02/2023 23/02/2023 Folleto